Islamic empires 600-1650 / (Record no. 5800)

MARC details
000 -LEADER
fixed length control field 01347nam a22002537a 4500
001 - CONTROL NUMBER
control field 5800
003 - CONTROL NUMBER IDENTIFIER
control field FISKH
005 - DATE AND TIME OF LATEST TRANSACTION
control field 20250122164416.0
008 - FIXED-LENGTH DATA ELEMENTS--GENERAL INFORMATION
fixed length control field 250122b cb ||||| |||| 00| 0 eng d
020 ## - INTERNATIONAL STANDARD BOOK NUMBER
International Standard Book Number 9780340812006
040 ## - CATALOGING SOURCE
Original cataloging agency FISKH
Language of cataloging eng
Transcribing agency FISKH
Modifying agency FISKH
050 ## - LIBRARY OF CONGRESS CALL NUMBER
Classification number PZ7
082 ## - DEWEY DECIMAL CLASSIFICATION NUMBER
Classification number 907
100 ## - MAIN ENTRY--PERSONAL NAME
Personal name Leadbeater, Tim
245 ## - TITLE STATEMENT
Title Islamic empires 600-1650 /
Statement of responsibility, etc. By Tim Leadbeater
250 ## - EDITION STATEMENT
Edition statement First published 2004
260 ## - PUBLICATION, DISTRIBUTION, ETC.
Place of publication, distribution, etc. London :
Name of publisher, distributor, etc. Hodder Education ,
Date of publication, distribution, etc. 2004 .
300 ## - PHYSICAL DESCRIPTION
Extent 46 pages :
Other physical details color illustrations ;
Dimensions 28 cm .
520 ## - SUMMARY, ETC.
Summary, etc. This book includes all the features of the bestselling Hodder History series which is up-to-date, motivating, differentiated and flexible. It covers the rise and fall of Islamic Empires from c600 to c1650 including chapters on: The Dawn of Islam; The Empire Unfurls; Islamic Civilisation; Holy Wars; The Mughal Empire. Investigations which encourage pupils to become historical detectives and develop their enquiry skills are on fascinating topics such as: The Life of Women; Survival Skills for Rulers; Salah-ad-Din and Richard the Lionheart. As well as promoting historical skills this book integrates literacy through its guidance on extended answer questions.
650 ## - SUBJECT ADDED ENTRY--TOPICAL TERM
Topical term or geographic name entry element Islamic History
Form subdivision non-fiction
700 ## - ADDED ENTRY--PERSONAL NAME
Personal name Whittock , Martyn
Relator term editor
942 ## - ADDED ENTRY ELEMENTS (KOHA)
Source of classification or shelving scheme Dewey Decimal Classification
Koha item type Books
Suppress in OPAC No
Holdings
Withdrawn status Lost status Source of classification or shelving scheme Damaged status Not for loan Collection Home library Current library Shelving location Date acquired Total Checkouts Full call number Barcode Date last seen Price effective from Koha item type
    Dewey Decimal Classification     Non-Fiction Footprints International School Library Network Toul Kork Campus Footprints International School Library Network Toul Kork Campus TTP Secondary Non-Fiction Bookshelves 01/22/2025   LEA PZ7 907 FISSE03170 01/22/2025 01/22/2025 Books